000
00273nam a22001097a 4500
008
140219t xxu||||| |||| 00| 0 eng d
100
_a
Mary L. Boas
_9
762
245
_a
Mathematical methods in the physical science
250
_a
third edition
300
_a
837
942
_2
ddc
_c
BK
999
_c
17019
_d
17019